00536nam a22001577a 450000500170000000800410001702000180005805000250007610000250010124500440012626000560017030000230022650000190024965000370026870000730030520260420124529.0260420b |||||||| |||| 00| 0 eng d a9789389188561 aRC 75 .S54 2020bC.1 aRichhariya, Devendra aSigns and Symptoms in Clinical Practice aNew DelhibJaypee Brothers Medical Publishersc2020 axxviii, 706p.:ill. aIncludes index a1. Signs and symptoms (Medicine) aI. Tapia, Jesus Daniel Lopez II. Bajan, Khusrav III. Sharma, Bhawana